| 000 | 00908nam a2200253Ia 4500 | ||
|---|---|---|---|
| 003 | OSt | ||
| 005 | 20220923222220.0 | ||
| 006 | a|||||r|||| 00| 0 | ||
| 007 | ta | ||
| 008 | ORI | ||
| 024 | _a203,786 | ||
| 037 | _cTextual | ||
| 040 |
_aARTS _cARTS _bORI |
||
| 041 |
_2ORI _aORI |
||
| 082 | _aO1591,1N45x, 152N5 | ||
| 100 |
_aदास, हरप्रसाद; मिश्र, राजेन्द्र प्रसाद, अनु. _9166354 |
||
| 245 | 0 | _aगर्भगृह | |
| 246 | _aGarbhagṛuha | ||
| 260 |
_aनई दिल्ली _b प्रवीण प्रकाशन _c1995 |
||
| 300 |
_a78पृ0 _ccm. |
||
| 650 |
_aउड़िया साहित्य _9156264 |
||
| 942 |
_hO1591,1N45x, 152N5 _cTEXL _2CC |
||
| 999 |
_c354536 _d354536 |
||